000 00277nam a22001097a 4500
082 _a425
_bBHA/D
100 _aBHAKSHI,ESHA
245 _aDESCRIPTION GENERAL ENGLISH
246 _aDESCRIPTION GENERAL ENGLISH
_bDESCRIPTION GENERAL ENGLISH
650 _aENGLISH GRAMMAR
942 _cBK
999 _c8854
_d8854